| 000 | 00515nam a2200181Ia 4500 | ||
|---|---|---|---|
| 001 | 14803 | ||
| 005 | 20260306164941.0 | ||
| 008 | 260306t2003||||xx |||||||||||||| ||spa|| | ||
| 041 | _aESP | ||
| 082 |
_a519.3 _bS29 V. C |
||
| 100 |
_aSchrijver, Alexander _eAUT |
||
| 245 | 0 |
_aCombinatorial optimization: _bpolyhedra and efficiency (disjoint paths, hypergraphs) |
|
| 260 | _c2003 | ||
| 300 |
_axxxiii, páginas : 1222 - 1881 (chapters 70 - 83) _c |
||
| 650 | _aGEN | ||
| 654 | _aCMA | ||
| 942 |
_cLIB _dJUS _fJUS _2ddc _n |
||
| 999 |
_c14803 _d14803 |
||